Decontamination of buildings and infrastructure (Record no. 117405)

MARC details
000 -LEADER
fixed length control field 01561cam a2200253 4500
001 - CONTROL NUMBER
control field WB4020-06
008 - FIXED-LENGTH DATA ELEMENTS--GENERAL INFORMATION
fixed length control field 040526n2004 000 0 eng u
035 ## - SYSTEM CONTROL NUMBER
System control number (Sirsi) u126296
245 ## - TITLE STATEMENT
Title Decontamination of buildings and infrastructure
260 ## - PUBLICATION, DISTRIBUTION, ETC.
Date of publication, distribution, etc. 2004
490 ## - SERIES STATEMENT
Series statement RICS Facilities Management Faculty News
Volume/sequential designation 24 May 2004 (1)
520 ## - SUMMARY, ETC.
Summary, etc. The government has published guidance to help organisations with planning and decontamination of buildings and infrastructure following a chemical, biological, radiological or nuclear (CBRN) incident. Strategic national guidance setting out procedures for decontamination and the roles and responsibilities of those involved is available at http://www.odpm.gov.uk/pns//pnattach/20040126/2. Precautions to minimise the effects of a CBRN event on buildings and infrastructure, which advise on pre-planning measures that owners and managers can take to prevent and limit the spread of contamination, and to facilitate decontamination are available at http://www.odpm.gov.uk/stellent/groups/odpm_fire/d ocuments/page/odpm_fire_028818.pdf. http://www.rics.org/ricscms/bin/show?class=News&te mplate=/includes/shownews.html&id=9017&faculty=Fac ilities%20Management&faculty=All%20Faculties
590 ## - LOCAL NOTE (RLIN)
Local note WB
590 ## - LOCAL NOTE (RLIN)
Local note WB
650 ## - SUBJECT ADDED ENTRY--TOPICAL TERM
Topical term or geographic name entry element PRE-PLANNING MEASURES
650 ## - SUBJECT ADDED ENTRY--TOPICAL TERM
Topical term or geographic name entry element BUILDINGS
650 ## - SUBJECT ADDED ENTRY--TOPICAL TERM
Topical term or geographic name entry element BUILT ENVIRONMENT
650 ## - SUBJECT ADDED ENTRY--TOPICAL TERM
Topical term or geographic name entry element CBRN INCIDENTS
650 ## - SUBJECT ADDED ENTRY--TOPICAL TERM
Topical term or geographic name entry element Infrastructure
9 (RLIN) 6246
650 ## - SUBJECT ADDED ENTRY--TOPICAL TERM
Topical term or geographic name entry element STRATEGIC NATIONAL GUIDANCE
650 ## - SUBJECT ADDED ENTRY--TOPICAL TERM
Topical term or geographic name entry element DECONTAMINATION
690 ## - LOCAL SUBJECT ADDED ENTRY--TOPICAL TERM (OCLC, RLIN)
Topical term or geographic name as entry element ENVIRONMENT-CONTAMINATION
942 ## - ADDED ENTRY ELEMENTS (KOHA)
Suppress in OPAC 0
Holdings
Withdrawn status Lost status Source of classification or shelving scheme Damaged status Not for loan Home library Current library Shelving location Date acquired Total Checkouts Full call number Barcode Date last seen Copy number Price effective from Koha item type
    Dewey Decimal Classification     London London News article 26/05/2004   WB4020-06 126296-1001 06/08/2019 1 06/08/2019 News article